| 000 | 00964nam a22002537a 4500 | ||
|---|---|---|---|
| 999 |
_c8199 _d8199 |
||
| 003 | AR-CdUCM | ||
| 008 | 190322b ||||| |||| 00| 0 spa d | ||
| 020 | _a84-253-0853-4 | ||
| 040 |
_aMUNICIPALIDAD PROVINCIAL DEL CUSCO _cBIBLIOTECA MUNICIPAL DEL CUSCO |
||
| 041 | _hger | ||
| 082 |
_a612.82 / _bF88 |
||
| 100 |
_aFreud, Sigmund _923111 |
||
| 245 |
_aEl delirio y los sueños en gradiva de W. Jensen : _bCon el relato del relato de Wilhelm Jensen / |
||
| 260 |
_aEspaña : _bGraficas perez, _c1977. |
||
| 300 |
_a381 paginas ; _c19 cm. |
||
| 500 | _aTitulo original : Der wahn und die traume in W. Jensens "GRADIVA" | ||
| 505 | _aContenido : Gradiva (una fantasía pompeyana) de W. Jensen -- Sigmund Freud el delirio y os sueños en Gradiva de W. Jensen. | ||
| 650 |
_aSigmund Freud _923112 |
||
| 650 |
_aEl delirio y los sueños _923113 |
||
| 650 |
_aSiglo XX _98 |
||
| 700 |
_aMames, León (Traductor) _923114 |
||
| 942 |
_2ddc _cLIBROS |
||
| 945 | _awnts | ||